000 00792cam a2200253 4500
008 010821n2000 000 0 eng u
020 _a0571195032
035 _a(Sirsi) u114220
100 _aBrunskill, R.
245 _aVernacular architecture : an illustrated handbook
250 _a4th ed.
260 _aLondon
_bFaber & Faber
_c2000
300 _a292p.
_bill
_c22cm.
350 _a20.00
650 _aARCHITECTURE
650 _aCHAPELS
650 _aFARM BUILDINGS
650 _aINDUSTRIAL BUILDINGS
650 _aBUILT ENVIRONMENT-BUILDING ELEMENTS-COMPLETE BUILDING ELEMENTS-ROOFS
650 _aBUILT ENVIRONMENT-BUILDING ELEMENTS-COMPLETE BUILDING ELEMENTS-WALLS
650 _aVERNACULAR ARCHITECTURE
690 _aBUILT ENVIRONMENT-CONSTRUCTION DESIGN
942 _n0
999 _c101592
_d101592